Me Tarzan / (Record no. 6018)

MARC details
000 -LEADER
fixed length control field 00840nam a22003017a 4500
001 - CONTROL NUMBER
control field 6018
003 - CONTROL NUMBER IDENTIFIER
control field FISKH
005 - DATE AND TIME OF LATEST TRANSACTION
control field 20250221095342.0
008 - FIXED-LENGTH DATA ELEMENTS--GENERAL INFORMATION
fixed length control field 250221b cb ||||| |||| 00| 0 eng d
020 ## - INTERNATIONAL STANDARD BOOK NUMBER
International Standard Book Number 0439304687
040 ## - CATALOGING SOURCE
Original cataloging agency FISKH
Language of cataloging eng
Transcribing agency FISKH
Modifying agency FISKH
050 ## - LIBRARY OF CONGRESS CALL NUMBER
Classification number PZ7.B9836 M
082 ## - DEWEY DECIMAL CLASSIFICATION NUMBER
Classification number 514
100 ## - MAIN ENTRY--PERSONAL NAME
Personal name Byars, Betsy
Dates associated with a name (1928–2020)
245 ## - TITLE STATEMENT
Title Me Tarzan /
Statement of responsibility, etc. Betsy Byars ; Illustrations by Bill Cigliano
250 ## - EDITION STATEMENT
Edition statement This edition first published in 2001
260 ## - PUBLICATION, DISTRIBUTION, ETC.
Place of publication, distribution, etc. New York :
Name of publisher, distributor, etc. Scholastic,
Date of publication, distribution, etc. 2000.
300 ## - PHYSICAL DESCRIPTION
Extent 87 pages :
Other physical details illustrations ;
Dimensions 20 cm
505 ## - FORMATTED CONTENTS NOTE
Formatted contents note N<br/>
520 ## - SUMMARY, ETC.
Summary, etc. 0439304687<br/>
521 8# - TARGET AUDIENCE NOTE
Target audience note 580<br/>
Source Lexile<br/>
521 8# - TARGET AUDIENCE NOTE
Target audience note N<br/>
Source Raz-Plus<br/>
650 ## - SUBJECT ADDED ENTRY--TOPICAL TERM
Source of heading or term Humor
Topical term or geographic name entry element Realistic fiction
650 ## - SUBJECT ADDED ENTRY--TOPICAL TERM
Source of heading or term Betsy Byars
Topical term or geographic name entry element Tarzan
700 ## - ADDED ENTRY--PERSONAL NAME
Personal name Cigliano, Bill
Dates associated with a name illustrator
942 ## - ADDED ENTRY ELEMENTS (KOHA)
Source of classification or shelving scheme Dewey Decimal Classification
Koha item type Books
Suppress in OPAC No
Holdings
Withdrawn status Lost status Source of classification or shelving scheme Damaged status Not for loan Collection Home library Current library Shelving location Date acquired Total Checkouts Full call number Barcode Date last seen Copy number Price effective from Koha item type
    Dewey Decimal Classification     Juvenile Fiction Footprints International School Library Network Toul Kork Campus Footprints International School Library Network Toul Kork Campus TTP Primary Yellow Bookshelves 02/21/2025   BYA 514 PZ7.B9836 M 2025-0659 02/21/2025 1 02/21/2025 Books